Modelovanie interakcie medzi človekom a počítačom pre umelú inteligenciu orientovanú na človeka

Gespeichert in:
Bibliographische Detailangaben
1. Verfasser: Kuric, Eduard (Verfasst von)
Weitere Verfasser: (Betreuung Doktorarbeit)
Format: Manuskript Buch
Sprache:Slowakisch
Englisch
Veröffentlicht: 2025
Schlagworte:
Online-Zugang:http://is.stuba.sk/zp/portal_zp.pl?podrobnosti_zp=104120
Tags: Tag hinzufügen
Keine Tags, Fügen Sie das erste Tag hinzu!

MARC

LEADER 00000ntm a22000003a 4500
001 stuzp104120
003 SK-STU
005 20250719210310.1
007 ta
008 150427s2015----xo-----f-mn---000-0-slo-d
040 |a STU  |b slo 
041 0 |a eng 
100 1 |a Kuric, Eduard  |u 070200  |k Z1  |4 aut  |U FIIT Fakulta informatiky a informačných technológií  |T FIIT Ústav informatiky, informačných systémov a softvérového inžinierstva  |X 17452  |U I200  |Y 179  |7 17452 
242 0 1 |a Modelovanie interakcie medzi človekom a počítačom pre umelú inteligenciu orientovanú na človeka  |y slo 
245 1 0 |a Modelovanie interakcie medzi človekom a počítačom pre umelú inteligenciu orientovanú na človeka 
260 |c 2025 
650 4 |a modelovanie používateľov  |2 slo 
650 4 |a výskum metód automatizácie  |2 slo 
650 4 |a umelá inteligencia  |2 slo 
650 4 |a používateľský zážitok  |2 slo 
650 4 |a user experience  |2 eng 
650 4 |a user modeling  |2 eng 
650 4 |a artificial intelligence  |2 eng 
650 4 |a research on automation methods  |2 eng 
700 1 |a ,  |4 ths  |X null  |7 null 
856 4 |u http://is.stuba.sk/zp/portal_zp.pl?podrobnosti_zp=104120